000 00210nam a22000977a 4500
003 OSt
008 210112b ||||| |||| 00| 0 eng d
100 _aMenon, K.P.S
_94802
245 _aDelhi Chungking
942 _cBK
999 _c16398
_d16398